| Tag |
First Indicator |
Second Indicator |
Subfields |
| LEADER |
00000cam a2200000 a 4500 |
| 001 |
in00001377310 |
| 005 |
20151020051130.0 |
| 008 |
960717s1997 ilua 001 0 eng |
| 010 |
|
|
|a 96025358
|
| 020 |
|
|
|a 0252019067 (alk. paper)
|
| 035 |
|
|
|a (OCoLC)35121684
|
| 035 |
|
|
|9 AHL7745AM
|
| 040 |
|
|
|a DLC
|c DLC
|d TXA
|d UtOrBLW
|
| 043 |
|
|
|a n-us---
|
| 049 |
|
|
|a TXAM
|
| 050 |
0 |
0 |
|a NA5205
|b .W55 1997
|
| 082 |
0 |
0 |
|a 726/.5/0973
|2 20
|
| 100 |
1 |
|
|a Williams, Peter W.
|
| 245 |
1 |
0 |
|a Houses of God :
|b region, religion, and architecture in the United States /
|c Peter W. Williams.
|
| 264 |
|
1 |
|a Urbana :
|b University of Illinois Press,
|c [1997]
|
| 264 |
|
4 |
|c ©1997
|
| 300 |
|
|
|a xv, 321 pages :
|b illustrations ;
|c 29 cm.
|
| 336 |
|
|
|a text
|b txt
|2 rdacontent
|
| 337 |
|
|
|a unmediated
|b n
|2 rdamedia
|
| 338 |
|
|
|a volume
|b nc
|2 rdacarrier
|
| 490 |
1 |
|
|a Public expressions of religion in America
|
| 505 |
0 |
|
|a Introduction -- New England -- The Mid-Atlantic states -- The South -- The old northwest -- The great plains and the mountains -- The Spanish borderlands -- The Pacific rim -- Conclusion -- Photographic credits -- Index.
|
| 500 |
|
|
|a Includes indexes.
|
| 650 |
|
0 |
|a Church architecture
|z United States.
|
| 650 |
|
0 |
|a Liturgy and architecture
|z United States.
|
| 650 |
|
0 |
|a Synagogue architecture
|z United States.
|
| 650 |
|
0 |
|a Mosques
|z United States.
|
| 650 |
|
0 |
|a Temples
|z United States.
|
| 830 |
|
0 |
|a Public expressions of religion in America.
|
| 999 |
|
|
|a MARS
|
| 999 |
f |
f |
|s 278033de-f820-335f-adf2-171b146f596c
|i 401dc438-a717-36b5-ad34-1e4c15a13349
|t 0
|
| 952 |
f |
f |
|p normal
|a Texas A&M University
|b College Station
|c Sterling C. Evans Library
|d Evans: Library Stacks
|t 0
|e NA5205 .W55 1997
|h Library of Congress classification
|i unmediated -- volume
|m A14821607026
|
| 998 |
f |
f |
|a NA5205 .W55 1997
|t 0
|l Evans: Library Stacks
|